000 00387nam a2200109Ia 4500
008 221009s9999 xx 000 0 und d
082 _a741.642 BOOK
100 _aराष्‍ट्रीय प्रकाशन मन्दिर
_977036
245 0 _aहमारा मसीहा
260 _bराष्‍ट्रीय प्रकाशन मन्दिर
942 _cBK
999 _c64652
_d64652